Kathiya Wathiya / (Record no. 526703)

000 -LEADER
fixed length control field 00466nam a22001817a 4500
003 - CONTROL NUMBER IDENTIFIER
control field NUST
005 - DATE AND TIME OF LATEST TRANSACTION
control field 20190715075027.0
038 ## - RECORD CONTENT LICENSOR
Staff Name Faiza
082 ## - DEWEY DECIMAL CLASSIFICATION NUMBER
Classification number 891.421
Author Mark AHM
100 ## - MAIN ENTRY--PERSONAL NAME
Personal name Ishfaq Ahmad
9 (RLIN) 348
245 ## - TITLE STATEMENT
Title Kathiya Wathiya /
Statement of responsibility, etc. Ishfaq Ahmad
260 ## - PUBLICATION, DISTRIBUTION, ETC.
Place of publication, distribution, etc. Lahore:
Name of publisher, distributor, etc. Sang-E-Meel Publications,
Date of publication, distribution, etc. 2004.
300 ## - PHYSICAL DESCRIPTION
Extent 120p. ;
500 ## - GENERAL NOTE
General note Hard Cover
880 ## - ALTERNATE GRAPHIC REPRESENTATION
Linkage 100-01\r
Title اشفاق احمد
880 ## - ALTERNATE GRAPHIC REPRESENTATION
Linkage 245-02\r
Title /کھٹیا وَٹیا
942 ## - ADDED ENTRY ELEMENTS (KOHA)
Source of classification or shelving scheme
Koha item type Book
Holdings
Withdrawn status Lost status Source of classification or shelving scheme Damaged status Not for loan Permanent Location Current Location Date acquired Total Checkouts Full call number Barcode Date last seen Price effective from Koha item type
          Central Library (CL) Central Library (CL) 07/15/2019   891.421 AHM CL-E-1317 07/15/2019 07/15/2019 Book
© 2023 Central Library, National University of Sciences and Technology. All Rights Reserved.